| 000 | 01018nam a22002297a 4500 | ||
|---|---|---|---|
| 999 |
_c9123 _d9123 |
||
| 003 | AR-CdUCM | ||
| 008 | 190327b ||||| |||| 00| 0 spa d | ||
| 040 |
_aMUNICIPALIDAD PROVINCIAL DEL CUSCO _cBIBLIOTECA MUNICIPAL DEL CUSCO |
||
| 082 |
_a330 / _bC93 |
||
| 110 |
_aCentro Latinoamericano de Economía Humana. _925137 |
||
| 245 | _aCuadernos Latinoamericanos de Economía Humana / | ||
| 260 |
_aMontevideo : _bEl Centro, _c1959. |
||
| 300 |
_a114 páginas ; _bmapa, escalas, _c23 cm. |
||
| 440 |
_aEconomía humana. _n4 _925138 |
||
| 505 | _aContenido: La indispensable transformación de estructuras -- Problemática de la evolución del sindicalismo -- Características del comercio latinoamericano -- La agricultura mexicana -- Las encuestas de la misión económica y humanismo en Colombia ... | ||
| 650 |
_aOrganizaciones no gubernamentales de desarrollo _96152 |
||
| 650 |
_aUruguay _92511 |
||
| 650 |
_aPliegos _925139 |
||
| 700 |
_aCAmou, Juan E. (redactor) _925140 |
||
| 942 |
_2ddc _cLIBROS |
||
| 945 | _aachl | ||